• 首页
  • 本馆介绍
  • 公告通知
  • 最新文献
  • 馆藏检索
  • 电子资源
  • 读者导购
  • 参考咨询
  • 我的图书馆
  • 登录
  • 详细信息显示
  • 放入我的书架
  • 预约/预借图书
  • 作者相关作品
  • 分类相关作品
  • 丛书相关作品
  • 出版社相关作品

书目信息

  • 表格格式
  • 工作单格式
  • 卡片格式
题名:
中国书院史话
    
 
作者: 章柳泉 著
分册:  
出版信息: 北京   教育科学出版社  1981
页数: 156页
开本: 19cm
丛书名:
单 册:
中图分类: G649.299
科图分类:
主题词: 书院-教育史--中国--古代 , 教育史-书院--中国--古代
电子资源:
ISBN:
000 00774nam0 2200253 45
001 0181006996
005 20060818085017.45
010    @dCNY0.63
091    @aCN@b7232.42
100    @a19950613d1981 em y0chiy0121 ea
101 0  @achi
102    @aCN@b110000
105    @ay z 000yy
200 10 @a中国书院史话@Azhong guo shu yuan shi hua@e宋元明清书院的演变及其内容@f章柳泉著
210    @a北京@c教育科学出版社@d1981
215    @a156页@d19cm
517 1  @a宋元明清书院的演变及其内容@Asong yuan ming qing shu yuan de yan bian ji qi nei rong
606    @a书院-教育史@y中国@z古代
606    @a教育史-书院@y中国@z古代
690    @aG649.299@v3
701  0 @a章柳泉@Azhang liu quan@4著
801  2 @aCN@bNLC@c20060818
801  0 @aCN@bTSSF
905    @a10447@dG649.299@e216
    
    中国书院史话:宋元明清书院的演变及其内容/章柳泉著.-北京:教育科学出版社,1981
    156页;19cm
    
    
    ISBN :CNY0.63
    
●
相关链接 在E读中查询图书 在五车中查询图书 在当当中查询图书 在豆瓣中查询图书


正题名:中国书院史话     索取号:G649.299/216         预约/预借

序号 登录号 条形码 馆藏地/架位号 状态 备注
1 0465157   204651572   密集书库/ [索取号:G649.299/216] 在馆    
唐山师范学院图书馆 欢迎您!
大连网信软件有限公司© 版权所有